000 00330nam a2200145 i 4500
001 bg
100 1 _aBERAN, Mark J.
245 0 _aStatistical continuum theories /
_cM.J. Beran.
260 _aNew York,
_c1968.
040 _cBPK
041 _apol
080 _a536.7
942 _cKS
008 s pl f |000 0 pol
999 _c12417
_d12417
856 _uhttp://koha.tu.koszalin.pl/cgi-bin/koha/opac-detail.pl?biblionumber=12417
_yKatalog online BPK